[Event "EU-ch Online U18 Girls"]
[Site "Tornelo INT"]
[Date "2020.09.20"]
[Round "7"]
[White "Golsta, Madara"]
[Black "Ristic, Mladjana"]
[Result "1-0"]
[WhiteElo "1941"]
[BlackElo "1618"]
[PlyCount "59"]
[EventDate "2020.09.18"]
[EventType "swiss (rapid)"]
[EventRounds "9"]
[EventCountry "ENG"]
[SourceTitle "CBM 198 Extra"]
[Source "ChessBase"]
[SourceDate "2020.11.30"]
[SourceVersion "1"]
[SourceVersionDate "2020.11.30"]
[SourceQuality "1"]

1. e4 c6 2. Nc3 d5 3. Nf3 dxe4 4. Nxe4 Nd7 5. Bc4 e6 6. d4 Ngf6 7. Nxf6+ Nxf6 8. 0-0 Be7 9. a4 b6 10. Bf4 Bb7 11. Re1 0-0 12. c3 c5 13. Be5 Nd7 14. Bg3 cxd4 15. Nxd4 Re8 16. Bb3 Nc5 17. Bc2 Qd5 18. f3 Bf6 19. Nb5 Qxd1 20. Raxd1 Red8 21. Bc7 Rxd1 22. Rxd1 a6 23. Nd4 Bd8 24. Bg3 Rc8 25. b4 Nd7 26. Nxe6 fxe6 27. Rxd7 Bd5 28. Be5 Bg5 29. Rxg7+ Kf8 30. Rxg5 1-0

[Event "EU-ch Online U18 Girls"]
[Site "Tornelo INT"]
[Date "2020.09.19"]
[Round "5"]
[White "Chatzipanagiotou, Asimenia"]
[Black "Ristic, Mladjana"]
[Result "0-1"]
[WhiteElo "1591"]
[BlackElo "1618"]
[PlyCount "80"]
[EventDate "2020.09.18"]
[EventType "swiss (rapid)"]
[EventRounds "9"]
[EventCountry "ENG"]
[SourceTitle "CBM 198 Extra"]
[Source "ChessBase"]
[SourceDate "2020.11.30"]
[SourceVersion "1"]
[SourceVersionDate "2020.11.30"]
[SourceQuality "1"]

1. e4 c6 2. d4 d5 3. exd5 cxd5 4. Nf3 e6 5. Bd3 Nc6 6. c3 Nf6 7. 0-0 Be7 8. Re1 0-0 9. Bf4 Bd7 10. Ne5 Nxe5 11. dxe5 Ne8 12. Qh5 g6 13. Qg4 Bc5 14. Nd2 Qb6 15. Qg3 Bb5 16. Bxb5 Qxb5 17. b4 Be7 18. Bh6 Ng7 19. Qh3 Rfd8 20. a4 Qc6 21. Bxg7 Kxg7 22. Nb3 Rac8 23. Re3 Bg5 24. Rf3 Qc7 25. Qg3 h6 26. h4 Be7 27. Nd4 h5 28. Qf4 Rf8 29. Rd1 Qd8 30. Rh3 a5 31. Nf3 Rxc3 32. b5 Qc7 33. Kh2 Rc4 34. Rd4 Rc2 35. Ng5 Bc5 36. Rf3 Kg8 37. Rdd3 Rc4 38. Qf6 Rxh4+ 39. Kg1 Be7 40. Nxe6 Qc1+ 0-1

[Event "EU-ch Online U18 Girls"]
[Site "Tornelo INT"]
[Date "2020.09.19"]
[Round "6"]
[White "Ristic, Mladjana"]
[Black "Lehtinen, Helja"]
[Result "1-0"]
[WhiteElo "1618"]
[BlackElo "1880"]
[PlyCount "53"]
[EventDate "2020.09.18"]
[EventType "swiss (rapid)"]
[EventRounds "9"]
[EventCountry "ENG"]
[SourceTitle "CBM 198 Extra"]
[Source "ChessBase"]
[SourceDate "2020.11.30"]
[SourceVersion "1"]
[SourceVersionDate "2020.11.30"]
[SourceQuality "1"]

1. d4 Nf6 2. Nf3 g6 3. Bf4 Bg7 4. e3 d6 5. h3 0-0 6. Be2 Nbd7 7. c4 c6 8. Nc3 Re8 9. 0-0 Qc7 10. c5 Nd5 11. Nxd5 cxd5 12. Rc1 e5 13. Bh2 Qa5 14. dxe5 Nxe5 15. cxd6 Qxa2 16. b3 Qa3 17. Bb5 Nxf3+ 18. Qxf3 Rd8 19. Qxd5 a6 20. Bc4 Be6 21. Qxb7 Bxc4 22. bxc4 Qc5 23. Rfd1 Ra7 24. Qd5 Qxd5 25. Rxd5 Bf8 26. c5 f5 27. c6 1-0

[Event "SRB-ch U18 Girls"]
[Site "Kragujevac"]
[Date "2019.05.03"]
[Round "8"]
[White "Ristic, Mladjana"]
[Black "Stankovic, Marija1111"]
[Result "1-0"]
[WhiteElo "1600"]
[BlackElo "1723"]
[PlyCount "41"]
[EventDate "2019.04.29"]
[EventType "tourn"]
[EventRounds "10"]
[EventCountry "SRB"]
[SourceTitle "EXT 2022"]
[Source "ChessBase"]
[SourceDate "2021.10.06"]
[SourceVersion "1"]
[SourceVersionDate "2021.10.06"]
[SourceQuality "1"]

1. d4 d5 2. Bf4 Nf6 3. e3 e6 4. c3 c5 5. Nd2 Nc6 6. Bd3 cxd4 7. cxd4 Bd6 8. Bxd6 Qxd6 9. a3 a5 10. f4 0-0 11. Ngf3 Ng4 12. Bxh7+ Kxh7 13. Ng5+ Kg8 14. Qxg4 f6 15. h4 fxg5 16. hxg5 Ne7 17. Nf3 Qb6 18. Rb1 Qb3 19. g6 Qxe3+ 20. Kf1 b6 21. Rh8+ 1-0

[Event "SRB-ch U16 Girls"]
[Site "Novi Sad"]
[Date "2018.04.08"]
[Round "9"]
[White "Nestorovic, Katarina"]
[Black "Ristic, Mladjana"]
[Result "1/2-1/2"]
[WhiteElo "2030"]
[BlackElo "1642"]
[PlyCount "79"]
[EventDate "2018.04.02"]
[EventType "swiss"]
[EventRounds "9"]
[EventCountry "SRB"]
[SourceTitle "EXT 2019"]
[Source "ChessBase"]
[SourceDate "2018.10.10"]
[SourceVersion "1"]
[SourceVersionDate "2018.10.10"]
[SourceQuality "1"]

1. e4 c5 2. Nf3 Nc6 3. d4 cxd4 4. Nxd4 g6 5. Nc3 Bg7 6. Nb3 Nf6 7. Be2 0-0 8. 0-0 a5 9. a4 d6 10. Re1 Be6 11. Bf1 Nd7 12. Nd5 Nb6 13. c3 Ne5 14. Bb5 Bxd5 15. exd5 Re8 16. Bg5 Ned7 17. Qg4 Bf6 18. Be3 Rf8 19. Bh6 Bg7 20. Bxg7 Kxg7 21. Rad1 Nf6 22. Qf3 Nbd7 23. Rd4 b6 24. Rd2 Ra7 25. Qd1 Rc7 26. Rde2 Nc5 27. Nd4 Ng8 28. Nc6 Qc8 29. Qd4+ f6 30. Nxe7 Nxe7 31. Rxe7+ Rxe7 32. Rxe7+ Rf7 33. Qe3 Qf5 34. Rxf7+ Kxf7 35. Qe8+ Kg7 36. Qe7+ Kg8 37. Qe8+ Kg7 38. Qe7+ Kg8 39. Qe8+ Kg7 40. Qe7+ 1/2-1/2

[Event "SRB-ch U16 Girls"]
[Site "Kragujevac"]
[Date "2017.04.16"]
[Round "8"]
[White "Nikolic, Masa"]
[Black "Ristic, Mladjana"]
[Result "0-1"]
[WhiteElo "1555"]
[BlackElo "1517"]
[PlyCount "62"]
[EventDate "2017.04.11"]
[EventType "tourn"]
[EventRounds "9"]
[EventCountry "SRB"]
[SourceTitle "EXT 2019"]
[Source "ChessBase"]
[SourceDate "2018.10.10"]
[SourceVersion "1"]
[SourceVersionDate "2018.10.10"]
[SourceQuality "1"]

1. e4 c6 2. d4 d5 3. e5 Bf5 4. Nf3 e6 5. c4 Bb4+ 6. Nc3 Ne7 7. Bd2 Nd7 8. Qb3 Bxc3 9. bxc3 b6 10. Be2 h6 11. 0-0 0-0 12. a4 Rb8 13. cxd5 Nxd5 14. c4 Ne7 15. Nh4 Bh7 16. Qg3 Kh8 17. f4 Nf5 18. Nxf5 Bxf5 19. Bd3 Nxe5 20. Bxf5 Nxc4 21. Bb4 c5 22. dxc5 exf5 23. Kh1 Re8 24. cxb6 Qxb6 25. Bc3 f6 26. Qd3 Qc6 27. Be1 Ne3 28. Rf3 Nc2 29. Rc1 Rxe1+ 30. Rf1 Rxf1+ 31. Qxf1 Qxa4 0-1

[Event "SRB-ch U16 Girls"]
[Site "Kragujevac"]
[Date "2017.04.12"]
[Round "3"]
[White "Nikolic, Mila Z"]
[Black "Ristic, Mladjana"]
[Result "1/2-1/2"]
[WhiteElo "1602"]
[BlackElo "1517"]
[PlyCount "47"]
[EventDate "2017.04.11"]
[EventType "tourn"]
[EventRounds "9"]
[EventCountry "SRB"]
[SourceTitle "EXT 2019"]
[Source "ChessBase"]
[SourceDate "2018.10.10"]
[SourceVersion "1"]
[SourceVersionDate "2018.10.10"]
[SourceQuality "1"]

1. Nf3 Nf6 2. g3 d5 3. Bg2 e6 4. 0-0 Be7 5. d3 0-0 6. Nbd2 c5 7. c4 Nc6 8. b3 b6 9. Bb2 Bb7 10. Re1 Qc7 11. Rc1 d4 12. Qc2 Rfd8 13. a3 Qd6 14. Ng5 h6 15. Nge4 Nxe4 16. Nxe4 Qd7 17. Rcd1 f5 18. Nd2 Ne5 19. Nf3 Bf6 20. Nxe5 Bxe5 21. Bxb7 Qxb7 22. e4 f4 23. Qe2 Qf7 24. Qf3 1/2-1/2

[Event "SRB-ch U14 Girls"]
[Site "Kragujevac"]
[Date "2016.05.08"]
[Round "9"]
[White "Ristic, Mladjana"]
[Black "Nikolic, Masa"]
[Result "1-0"]
[WhiteElo "1493"]
[BlackElo "1582"]
[PlyCount "91"]
[EventDate "2016.05.02"]
[EventType "swiss"]
[EventRounds "9"]
[EventCountry "SRB"]
[SourceTitle "CBM 172 Extra"]
[Source "ChessBase"]
[SourceDate "2016.06.21"]
[SourceVersion "1"]
[SourceVersionDate "2016.06.21"]
[SourceQuality "1"]

1. d4 d5 2. Nf3 Nf6 3. Bf4 c5 4. c3 Nc6 5. e3 Qb6 6. Qb3 c4 7. Qc2 Bf5 8. Qc1 h6 9. h3 e6 10. Nbd2 Rc8 11. Be2 Be7 12. 0-0 Ne4 13. Nxe4 Bxe4 14. Nd2 Bf5 15. Bf3 Bg5 16. Bxg5 hxg5 17. e4 Bxh3 18. gxh3 Rxh3 19. Kg2 g4 20. Bxg4 Rh4 21. f3 Qc7 22. Rh1 g5 23. Rxh4 gxh4 24. e5 Kd7 25. Qe1 Rh8 26. Qf2 Qd8 27. Qe3 Qg8 28. Kh3 Ne7 29. Rg1 Qh7 30. Qf4 b5 31. b3 Ke8 32. bxc4 dxc4 33. Ne4 Nd5 34. Nd6+ Ke7 35. Qd2 a6 36. Ne4 Qg8 37. Qc1 Qd8 38. Qa3+ b4 39. Qc1 bxc3 40. Qa3+ Kd7 41. Qd6+ Kc8 42. Qxa6+ Kc7 43. Qa7+ Kc6 44. Qc5+ Kb7 45. Rb1+ Ka8 46. Qa3+ 1-0

[Event "SRB-ch U14 Girls"]
[Site "Kragujevac"]
[Date "2016.05.03"]
[Round "2"]
[White "Kosanovic, Olja"]
[Black "Ristic, Mladjana"]
[Result "1/2-1/2"]
[WhiteElo "1531"]
[BlackElo "1493"]
[PlyCount "144"]
[EventDate "2016.05.02"]
[EventType "swiss"]
[EventRounds "9"]
[EventCountry "SRB"]
[SourceTitle "CBM 172 Extra"]
[Source "ChessBase"]
[SourceDate "2016.06.21"]
[SourceVersion "1"]
[SourceVersionDate "2016.06.21"]
[SourceQuality "1"]

1. e4 c6 2. Nf3 d5 3. exd5 cxd5 4. d4 Nf6 5. Nc3 e6 6. a3 a6 7. Be2 Be7 8. 0-0 0-0 9. h3 Nc6 10. Bf4 Bd7 11. Qd3 Rc8 12. Rac1 Na5 13. Nd2 Nc4 14. Nxc4 dxc4 15. Qg3 Kh8 16. Be5 Rg8 17. Rfd1 Ne8 18. d5 Bh4 19. Qf3 exd5 20. Rxd5 Qe7 21. Qe3 Be6 22. Rd4 Bg5 23. Bf4 Bf6 24. Re4 Bxc3 25. Qxc3 Nf6 26. Rd4 Bxh3 27. Qxh3 Qxe2 28. Rd2 Qh5 29. Qxh5 Nxh5 30. Be3 Rcd8 31. Rcd1 Rxd2 32. Rxd2 Nf6 33. f3 h6 34. Kf2 Re8 35. g4 Kg8 36. c3 Re5 37. Rd8+ Kh7 38. Bd4 Rb5 39. Bxf6 Rxb2+ 40. Ke3 gxf6 41. Rd7 Kg6 42. Rc7 b5 43. Ra7 Rb3 44. Rxa6 Rxc3+ 45. Kf4 Rb3 46. a4 c3 47. axb5 Rxb5 48. Rc6 Rb3 49. Rc5 Rb4+ 50. Ke3 Rb3 51. Kd3 Ra3 52. Rf5 Kg7 53. Kc2 Kf8 54. Rxf6 Kg7 55. Rf5 f6 56. Kd3 Kf7 57. Kc2 Ke6 58. Kd3 h5 59. Rxh5 c2+ 60. Kxc2 Rxf3 61. g5 Rf5 62. Kd3 Rxg5 63. Rxg5 fxg5 64. Ke4 Kf6 65. Kf3 Kf5 66. Kg3 g4 67. Kg2 Kf4 68. Kf2 g3+ 69. Kg2 Kg4 70. Kg1 Kh3 71. Kh1 g2+ 72. Kg1 Kg3 1/2-1/2

[Event "SRB-ch U14 Girls"]
[Site "Vrbas"]
[Date "2015.04.12"]
[Round "5"]
[White "Nestorovic, Katarina"]
[Black "Ristic, Mladjana"]
[Result "1-0"]
[WhiteElo "1832"]
[BlackElo "1476"]
[PlyCount "47"]
[EventDate "2015.04.09"]
[EventType "swiss"]
[EventRounds "9"]
[EventCountry "SRB"]
[SourceTitle "EXT 2016"]
[Source "ChessBase"]
[SourceDate "2015.10.08"]
[SourceVersion "1"]
[SourceVersionDate "2015.10.08"]
[SourceQuality "1"]

1. e4 c5 2. Nf3 d6 3. d4 cxd4 4. Nxd4 Nf6 5. Nc3 a6 6. f4 Qc7 7. Bd3 e6 8. 0-0 Be7 9. Qf3 0-0 10. Be3 Nc6 11. Qg3 Bd7 12. Nxc6 Bxc6 13. Rae1 Ne8 14. Bd4 Qd8 15. Qg4 b5 16. Rf3 Nf6 17. Qh3 h6 18. Rg3 Kh8 19. Ree3 Rg8 20. Kh1 Bd7 21. e5 Ne8 22. Qh5 Bh4 23. Qxf7 Bxg3 24. Qg6 1-0

[Event "SRB-ch U14 Girls"]
[Site "Vrbas"]
[Date "2015.04.10"]
[Round "2"]
[White "Djermanovic, Adrijana"]
[Black "Ristic, Mladjana"]
[Result "1/2-1/2"]
[WhiteElo "1561"]
[BlackElo "1476"]
[PlyCount "50"]
[EventDate "2015.04.09"]
[EventType "swiss"]
[EventRounds "9"]
[EventCountry "SRB"]
[SourceTitle "EXT 2016"]
[Source "ChessBase"]
[SourceDate "2015.10.08"]
[SourceVersion "1"]
[SourceVersionDate "2015.10.08"]
[SourceQuality "1"]

1. e4 c5 2. Nf3 d6 3. Bb5+ Bd7 4. Bxd7+ Nxd7 5. 0-0 Ngf6 6. Re1 Qc7 7. c3 e6 8. d4 cxd4 9. cxd4 Be7 10. Nc3 Nb6 11. h3 0-0 12. Bf4 a6 13. Rc1 Qd8 14. Qb3 Rb8 15. Nd2 Nh5 16. Be3 Nd7 17. a4 Bg5 18. Nc4 Bxe3 19. Rxe3 Ndf6 20. Qd1 b5 21. axb5 axb5 22. Nd2 Nf4 23. Rf3 Ng6 24. b4 Qb6 25. Nb3 Nh4 1/2-1/2